top 10 des villes où il fait bon vivre - Statistiques

Statistiques générales
  • Ce quiz a été pris 29 fois
  • Le résultat moyen est 4 sur 10
Statistiques - réponses
Ville % Correct
3 Annecy
63%
6 La Rochelle
56%
1 Biarritz
52%
10 Brest
48%
2 Angers
44%
4 Bayonne
44%
7 Lorient
26%
9 Anglet
19%
5 Rodez
11%
8 Cherbourg-en-Cotentin
0%
Aucun quiz correspondant
Distribution des résultats
% des personnes avec chaque résultat
Percentile par nombre de réponses
Votre historique - résultats
Vous n’avez pas pris ce quiz